Theodor Körner´s sämmtliche Werke. Zweiter Band /
Uložené v:
| Ďalší autori: | |
|---|---|
| Médium: | Kniha |
| Jazyk: | German |
| Vydané: |
Wien :
Verlag vom Sigmund von Sigmund Benfinger,
1882.
|
| Témy: | |
| ISBN: |
(viaz.) |
| Fyzický popis: |
426 strán : ilustrácie ; 27 cm. |
| Tagy: |
Pridať tag
Žiadne tagy, Buďte prvý kto otaguje tento záznam!
|
Titul je dostupný aj v ... 

MARC
| LEADER | 00000nam a22000004a 4500 | ||
|---|---|---|---|
| 001 | 000597421 | ||
| 005 | 20190402132858.0 | ||
| 008 | 181016s1882 au a e 000 d ger d | ||
| 020 | |a (viaz.) | ||
| 040 | |a SVKKK |b slo |c SVKKK |e AACR2 | ||
| 041 | 0 | |a ger | |
| 044 | |a gw |c DE | ||
| 072 | 7 | |a 821.112.2-1 |x Nemecká poézia, nemecky písaná |2 konspekt | |
| 080 | |a 821.112.2-1-051 |2 2011 | ||
| 080 | |a 821.112.2-1 |2 2011 | ||
| 080 | |a (0:82-1) |2 2011 | ||
| 100 | 1 | |a Körner, Theodor, |d 1791-1813 |4 ant | |
| 245 | 1 | 0 | |a Theodor Körner´s sämmtliche Werke. |n Zweiter Band / |c herausgegeben von Heinrich Laube. |
| 260 | |a Wien : |b Verlag vom Sigmund von Sigmund Benfinger, |c 1882. | ||
| 300 | |a 426 strán : |b ilustrácie ; |c 27 cm. | ||
| 600 | 1 | 7 | |a Körner, Theodor, |d 1791-1813 |2 SVKKKMA |
| 650 | 0 | 7 | |a nemeckí básnici |2 SVKKKPH |
| 650 | 0 | 7 | |a German poets |2 SVKKKPHeng |
| 655 | 7 | |a nemecká poézia |2 SVKKKPH | |
| 655 | 7 | |a German poetry |2 SVKKKPHeng | |
| 700 | 1 | |a Laube, Heinrich, |d 1806-1884 |4 com | |
| 910 | |a svkkk | ||
| 998 | |a BK | ||
| 090 | |g SCKHL |k HIS - sklad Zvonárska 19 |a VII.1688 |j 1092648 |i 2720573942 |s Príručka / Študovňa | ||